[Event "Ch Europe (for the Blind)"]
[Site "masterchessopen.com - Rhodes (Greece)"]
[Date "2011.09.10"]
[Round "5"]
[White "Harnandan Sergio (NED)"]
[Black "Romanenkov Aleksandr (RUS)"]
[Result "0-1"]
[WhiteElo "2007"]
[BlackElo "2153"]

1.d4 c5 2.d5 e5 3.e4 d6 4.Bb5+ Nd7 5.c4 a6 6.Bxd7+ Bxd7 7.Nc3 b5 8.b3 Nf6
9.Nge2 b4 10.Nb1 Nxe4 11.O-O Be7 12.Nd2 Nxd2 13.Bxd2 O-O 14.f4 exf4 15.Bxf4
Bf6 16.Bxd6 Re8 17.Bxc5 Bxa1 18.Nd4 Bc3 19.Qf3 Qf6 20.Qd3 Re1 21.Rxe1 Bxe1
22.Nc2 Re8 23.Nxb4 Bxb4 24.Bxb4 Qb6+ {#R} 0-1

[Event "It \"]
[Site "masterchessopen.com - Kecskemet (Hungary)"]
[Date "2011.09.18"]
[Round "2"]
[White "Meszaros Gyula (HUN)"]
[Black "Erdelyi Tamas (HUN)"]
[Result "1-0"]
[WhiteElo "2360"]
[BlackElo "2176"]

1.d4 c5 2.d5 e5 3.e4 d6 4.Be2 Nf6 5.Nc3 Be7 6.Nf3 O-O 7.O-O Nbd7 8.Nd2 a6 9.a4
b6 10.Nc4 Qc7 11.f4 exf4 12.Bxf4 Rd8 13.Qd3 Ne5 14.Bxe5 dxe5 15.Qg3 Nd7 16.d6
Bxd6 17.Nd5 Qb8 18.Bh5 g6 19.Bg4 Bb7 20.Rad1 Bxd5 21.Rxd5 Nf8 22.Qf2 Ra7
23.Qf6 h5 24.Nxd6 Nh7 25.Qxe5 hxg4 26.Nxf7 Rxf7 27.Qe6 Rxd5 28.Qxf7+ {#r} 1-0

[Event "Tournament (open)"]
[Site "masterchessopen.com - Petroupoli (Greece)"]
[Date "2011.10.26"]
[Round "4"]
[White "Sidiropoulos Leonidas (GRE)"]
[Black "Alexiadis Hristos"]
[Result "1-0"]
[WhiteElo "1745"]
[BlackElo "1624"]

1.d4 c5 2.d5 e5 3.e4 d6 4.Nf3 Be7 5.h3 Nf6 6.Nc3 O-O 7.Be2 Bd7 8.a4 Re8 9.O-O
Qc8 10.Be3 Na6 11.Nd2 Nc7 12.f4 exf4 13.Bxf4 Bf8 14.Qe1 h6 15.Qg3 Rd8 16.Bxh6
Nce8 17.Bg5 Be7 18.Rf2 Qc7 19.Raf1 Kf8 20.Qh4 Kg8 21.Bd3 a6 22.e5 dxe5 23.Nde4
Nxe4 24.Nxe4 Bxg5 25.Nxg5 f6 26.Qh7+ Kf8 27.Rxf6+ Ke7 28.d6+ {#r} 1-0

[Event "Ch Belgium (team) 2011/12"]
[Site "masterchessopen.com - Belgium"]
[Date "2011.11.06"]
[Round "3"]
[White "David Alberto (LUX)"]
[Black "De Wit Michel (NED)"]
[Result "1-0"]
[WhiteElo "2597"]
[BlackElo "2300"]

1.d4 c5 2.d5 e5 3.e4 d6 4.Bb5+ Nd7 5.a4 g6 6.Nc3 Bg7 7.f4 f6 8.Nf3 Nh6 9.fxe5
dxe5 10.Be3 b6 11.Bc6 Rb8 12.Nb5 a5 13.Nd6+ Kf8 14.O-O Ba6 15.Ng5 Kg8 16.Ne6
Qe7 17.Nb5 Bxb5 18.axb5 Nf7 19.Qg4 Nf8 20.Nxf8 Bxf8 21.d6 Nxd6 22.Bd5+ Nf7
23.Rxf6 Qxf6 24.Rf1 Qxf1+ 25.Kxf1 Re8 26.Qf3 Re7 27.Qf6 {#r} 1-0

[Event "It (open)"]
[Site "masterchessopen.com - Plzen (Czech Republic)"]
[Date "2011.11.22"]
[Round "4"]
[White "Arab Adlane (ALG)"]
[Black "Oussedik Mahfoud (ALG)"]
[Result "1-0"]
[WhiteElo "2403"]
[BlackElo "2225"]

1.d4 c5 2.d5 e5 3.e4 d6 4.Nc3 Nf6 5.Bb5+ Nbd7 6.a4 Be7 7.Nf3 O-O 8.O-O Ne8
9.a5 a6 10.Be2 b5 11.axb6 Nxb6 12.Nd2 Nc7 13.Nb3 Bd7 14.Nxc5 dxc5 15.d6 Nb5
16.dxe7 Qxe7 17.Nd5 Nxd5 18.exd5 Qd6 19.c3 f5 20.f4 e4 21.Be3 Nc7 22.Ra5 Nb5
23.Qd2 Qb6 24.b4 Qf6 25.c4 Nd4 26.Bd1 Rfb8 {#r} 1-0

[Event "Ch World (juniors) (under 16)"]
[Site "masterchessopen.com - Caldas Novas (Brazil)"]
[Date "2011.11.23"]
[Round "6"]
[White "Andersen Mads (DEN)"]
[Black "Lopez Raygoza Luis Albert (MEX)"]
[Result "1-0"]
[WhiteElo "2384"]
[BlackElo "1932"]

1.d4 c5 2.d5 e5 3.e4 d6 4.Nc3 a6 5.a4 Be7 6.Nf3 Bg4 7.Be2 Bxf3 8.Bxf3 Bg5
9.Bxg5 Qxg5 10.g3 Nd7 11.O-O f5 12.exf5 Ne7 13.Ne4 Qh6 14.f6 Nxf6 15.Nxd6+ Kf8
16.Nxb7 e4 17.Bg2 Nexd5 18.Nxc5 {#r} 1-0

[Event "It (open)"]
[Site "masterchessopen.com - Cairo (Egypt)"]
[Date "2011.11.24"]
[Round "6"]
[White "Ezat Abdallah (EGY)"]
[Black "Hamam Mahmoud (EGY)"]
[Result "1-0"]
[WhiteElo "2269"]
[BlackElo "2052"]

1.d4 c5 2.d5 e5 3.e4 d6 4.Nc3 f5 5.Bb5+ Kf7 6.Nf3 Be7 7.Bc4 Nh6 8.Nxe5+ dxe5
9.d6+ Be6 10.Bxe6+ Kxe6 11.Qd5+ Kf6 12.exf5 Re8 13.Qe6# 1-0

[Event "It (open)"]
[Site "masterchessopen.com - Pavlodar (Kazakhstan)"]
[Date "2011.12.07"]
[Round "8"]
[White "Turar (KAZ)"]
[Black "Bazilov A (KAZ)"]
[Result "0-1"]
[WhiteElo "1762"]
[BlackElo "2222"]

1.d4 c5 2.d5 e5 3.e4 d6 4.c4 Be7 5.Nc3 Bg5 6.g3 Bxc1 7.Rxc1 f5 8.Bg2 Nf6
9.Nge2 O-O 10.f4 exf4 11.Nxf4 fxe4 12.O-O Qe7 13.Qc2 Bf5 14.Rce1 Nbd7 15.Ne6
Bxe6 16.dxe6 Ne5 17.Nxe4 Nxe4 18.Qxe4 Rxf1+ 19.Bxf1 {#R} 0-1

[Event "It (open)"]
[Site "masterchessopen.com - Aschach (Austria)"]
[Round "7"]
[White "Knoll Hermann (AUT)"]
[Black "Heyne Martin (GER)"]
[Result "1-0"]
[WhiteElo "2368"]
[BlackElo "2199"]

1.d4 c5 2.d5 e5 3.Nc3 d6 4.e4 Be7 5.Nf3 Bg4 6.a4 h6 7.b3 Bg5 8.Bb2 Ne7 9.Qd3
Bxf3 10.Qxf3 O-O 11.h4 Bf6 12.O-O-O g6 13.Qxf6 {#r} 1-0

[Event "Cup Rilton"]
[Site "masterchessopen.com - Stockholm (Sweden)"]
[Date "2012.01.01"]
[Round "5"]
[White "Volkov Sergey Viktorovich (RUS)"]
[Black "Dragicevic Drazen (SWE)"]
[Result "1-0"]
[WhiteElo "2633"]
[BlackElo "2312"]

1.d4 c5 2.d5 e5 3.e4 d6 4.Bb5+ Nd7 5.a4 Be7 6.Nf3 Nf6 7.Nc3 a6 8.Bd3 b6 9.Qe2
Nf8 10.Nd2 Ng6 11.Nc4 h5 12.h4 Bd7 13.Na3 Qc8 14.g3 Ng4 15.Bd2 Nf8 16.f3 Nh6
17.Rb1 f5 18.b4 fxe4 19.Nxe4 Bxa4 20.Nc4 Qc7 21.bxc5 bxc5 22.Rb7 {#r} 1-0

[Event "It (open) (amateurs)"]
[Site "masterchessopen.com - Arvier (Italy)"]
[Date "2012.01.07"]
[Round "6"]
[White "Neubauer Kai (ITA)"]
[Black "Seletsky Grigory (UKR)"]
[Result "0-1"]
[WhiteElo "2039"]
[BlackElo "2277"]

1.d4 c5 2.d5 e5 3.e4 d6 4.Bb5+ Nd7 5.a4 Nf6 6.Nc3 Be7 7.Nf3 O-O 8.O-O Ne8
9.Bd3 g6 10.Nd2 Bg5 11.g3 f5 12.exf5 gxf5 13.f4 Be7 14.Bxf5 Rxf5 15.Qg4+ Ng7
{#R} 0-1

[Event "Tournament (open)"]
[Site "masterchessopen.com - Petroupoli (Greece)"]
[Date "2012.01.18"]
[Round "2"]
[White "Koutsompinas Georgios"]
[Black "Alexiadis Hristos"]
[Result "0-1"]
[WhiteElo "1745"]
[BlackElo "1691"]

1.d4 c5 2.d5 e5 3.c4 d6 4.Nc3 Be7 5.e4 Bg5 6.Nf3 Bxc1 7.Qxc1 Nf6 8.Be2 O-O
9.O-O Nbd7 10.a3 Rb8 11.b4 a6 12.Nd2 Re8 13.Nb3 b6 14.Qe3 Nf8 15.bxc5 bxc5
16.Rab1 Ng6 17.Nxc5 Rxb1 18.Rxb1 dxc5 19.Qxc5 Nf4 20.Qe3 Qa5 21.c5 Qxc3 {#R}
0-1

[Event "Ch Czech Republic (team) (1 liga) West"]
[Site "masterchessopen.com - Czech Republic"]
[Date "2012.01.29"]
[Round "7"]
[White "Bednar Marcel (CZE)"]
[Black "Sura Jaroslav (CZE)"]
[Result "1-0"]
[WhiteElo "2250"]
[BlackElo "2187"]

1.d4 c5 2.d5 e5 3.e4 d6 4.Bb5+ Nd7 5.a4 a6 6.Bd3 g6 7.Nf3 Bg7 8.O-O Ne7 9.Nc3
O-O 10.Qe2 h6 11.Nd2 g5 12.Nc4 Nf6 13.h4 gxh4 14.f4 Bg4 15.Qe1 exf4 16.Bxf4 h3
17.Qg3 hxg2 18.Kxg2 h5 19.Bxd6 Ng6 20.Bxf8 Qxf8 21.e5 h4 22.Qh2 h3+ 23.Kh1
Nxd5 24.Nxd5 Qd8 25.Be4 Qg5 26.Bxg6 fxg6 27.Qf4 Qh4 28.Nce3 {#r} 1-0

[Event "It (open)"]
[Site "masterchessopen.com - Montevideo (Uruguay)"]
[Date "2012.02.12"]
[Round "7"]
[White "Coppola Claudio"]
[Black "Lanzilotta Marcelo"]
[Result "1-0"]
[WhiteElo "2106"]
[BlackElo "2028"]

1.d4 c5 2.d5 e5 3.e4 d6 4.Bb5+ Nd7 5.a4 a6 6.Bd3 g6 7.Nc3 h5 8.Nf3 Bh6 9.O-O
Kf8 10.h4 Bxc1 11.Qxc1 f6 12.Nd2 Rb8 13.Nc4 Qe7 14.f4 Nh6 15.f5 gxf5 16.exf5
Ng4 17.Ne4 Rg8 18.Ncxd6 Nb6 19.c4 Bd7 20.a5 Qg7 21.axb6 Ne3 22.g3 Nxf1 23.Bxf1
Ke7 24.Qe3 Qg4 25.Qxc5 Qxh4 26.Nc8+ Kd8 27.Qe7+ {#r} 1-0

[Event "Ch Central Serbia"]
[Site "masterchessopen.com - Pozarevac (Serbia)"]
[Date "2012.02.15"]
[Round "3"]
[White "Ratkovic Miloje (SRB)"]
[Black "Kosanovic Goran A (SRB)"]
[Result "0-1"]
[WhiteElo "2170"]
[BlackElo "2362"]

1.d4 c5 2.d5 e5 3.e4 d6 4.Nc3 Be7 5.Nf3 Nf6 6.Be2 O-O 7.O-O Ne8 8.Nd2 Nd7
9.Nc4 Bg5 10.f4 exf4 11.Bxf4 Bxf4 12.Rxf4 Ne5 13.Qe1 Bd7 14.a4 Qe7 15.Qg3 Nxc4
16.Bxc4 Qe5 17.Kh1 a6 18.Raf1 b5 19.Be2 bxa4 20.Nd1 Nf6 21.Bd3 Nh5 22.Qe3 Nxf4
23.Rxf4 Rae8 24.h3 f5 25.c3 fxe4 26.Rxe4 Rf1+ 27.Bxf1 Qxe4 {#R} 0-1

[Event "Oberliga East B 2011/12"]
[Site "masterchessopen.com - Germany"]
[Date "2012.04.15"]
[Round "11"]
[White "Wagner Dennis (GER)"]
[Black "Hausknecht Mathias (GER)"]
[Result "1-0"]
[WhiteElo "2355"]
[BlackElo "2300"]

1.d4 c5 2.d5 e5 3.e4 d6 4.Nc3 Be7 5.f4 exf4 6.Bxf4 Bg5 7.Bxg5 Qxg5 8.Nf3 Qe3+
9.Qe2 Qxe2+ 10.Bxe2 f6 11.Nb5 Kd7 12.Nd2 Nh6 13.Nc4 Nf7 14.O-O h5 15.Rf5 h4
16.Rh5 Na6 17.Rxh8 Nxh8 18.Bg4+ {#r} 1-0

[Event "Ch World (schools) (under 13)"]
[Site "masterchessopen.com - Iasi (Romania)"]
[Date "2012.05.05"]
[Round "8"]
[White "Trjapishko Alexandr"]
[Black "Olinici Emanuel"]
[Result "1-0"]
[WhiteElo "2085"]
[BlackElo "1810"]

1.d4 c5 2.d5 e5 3.e4 Nf6 4.Nc3 d6 5.Nf3 Nbd7 6.Bd3 g6 7.Nd2 Bg7 8.Nc4 Nb6
9.Ne3 O-O 10.a4 Ne8 11.a5 Nd7 12.O-O Bh6 13.Nc4 Bxc1 14.Qxc1 f5 15.f4 Kh8
16.Qe3 Ndf6 17.exf5 Ng4 18.Qg3 h5 19.f6 Qxf6 20.fxe5 Qg7 21.Qh3 {#r} 1-0

[Event "Ch Georgia"]
[Site "masterchessopen.com - Tbilisi (Georgia)"]
[Date "2012.05.21"]
[Round "8"]
[White "Arutinian David (GEO)"]
[Black "Chigladze Iveri (GEO)"]
[Result "1-0"]
[WhiteElo "2553"]
[BlackElo "2395"]

1.d4 c5 2.d5 e5 3.e4 d6 4.Nc3 Be7 5.Bb5+ Nd7 6.f4 exf4 7.Bxf4 Nf6 8.Nf3 O-O
9.O-O a6 10.Bxd7 Nxd7 11.a4 b6 12.Qd3 Qc7 13.Nd2 Rd8 14.Nc4 f6 15.Qg3 Nf8
16.h4 Ng6 17.Bd2 Ne5 18.Nxe5 dxe5 19.Bh6 Bd6 20.Rxf6 Kh8 21.Rxd6 Rxd6 22.Qxe5
Bg4 23.Bf4 Rad8 24.Qg5 Qc8 25.Bxd6 Rxd6 26.Rf1 h6 27.Qe7 {#r} 1-0

[Event "Ch France (team) 2012"]
[Site "masterchessopen.com - Belfort (France)"]
[Date "2012.06.08"]
[Round "9"]
[White "Colovic Aleksandar (MKD)"]
[Black "Abergel Thal (FRA)"]
[Result "1-0"]
[WhiteElo "2436"]
[BlackElo "2474"]

1.d4 c5 2.d5 e5 3.e4 d6 4.Bb5+ Nd7 5.a4 a6 6.Bd3 Be7 7.Nf3 h6 8.Nc3 Bg5 9.O-O
Qf6 10.Nd2 Ne7 11.Qf3 Qg6 12.Nc4 Rb8 13.a5 Nf8 14.Qg3 Qf6 15.f4 exf4 16.Bxf4
Bxf4 17.Rxf4 Qg6 18.Qf2 {#r} 1-0

[Event "It \"]
[Site "masterchessopen.com - Golden Sands (Bulgaria)"]
[Date "2012.06.11"]
[Round "8"]
[White "L'ami Alina (ROM)"]
[Black "Arnaudov Petar (BUL)"]
[Result "1-0"]
[WhiteElo "2383"]
[BlackElo "2154"]

1.d4 c5 2.d5 e5 3.e4 d6 4.Nc3 Be7 5.f4 Bf6 6.Nf3 Bg4 7.Bb5+ Kf8 8.O-O exf4
9.Bxf4 Ne7 10.e5 Ng6 11.exf6 Nxf4 12.Qe1 Ng6 13.Qg3 a6 14.Qxg4 axb5 15.fxg7+
Kxg7 16.Ng5 h5 17.Qg3 Nd7 18.Rxf7+ Kg8 19.Nce4 h4 20.Qxd6 Ra6 21.Qxd7 {#r} 1-0

[Event "Ch ASEAN (juniors) (under 20)"]
[Site "masterchessopen.com - Hue (Vietnam)"]
[Date "2012.06.13"]
[Round "3"]
[White "Mhd Nubairshah Shaikh"]
[Black "Kulkarni Bhakti"]
[Result "1-0"]
[WhiteElo "2193"]
[BlackElo "2208"]

1.d4 c5 2.d5 e5 3.e4 d6 4.Nc3 Be7 5.Nf3 a6 6.a4 Bg4 7.b3 Bxf3 8.Qxf3 Bg5 9.Bb2
b6 10.g3 Ne7 11.h4 Bh6 12.g4 g6 13.g5 Bg7 14.h5 Nd7 15.h6 Bf8 16.Bh3 Nc8
17.Rg1 Be7 18.Qg4 Rf8 19.Bc1 f6 20.Qe6 fxg5 21.Rxg5 Rf7 22.Rxg6 Nf8 23.Rg8 Qc7
24.Bg4 Rf6 25.Bh5+ Kd8 26.Bg5 {#r} 1-0

[Event "It (open)"]
[Site "masterchessopen.com - Palanga (Lithuania)"]
[Date "2012.06.20"]
[Round "2"]
[White "Vedrickas Tautvydas (LTU)"]
[Black "Tumosa Algis (LTU)"]
[Result "1-0"]
[WhiteElo "2329"]
[BlackElo "1941"]

1.d4 c5 2.d5 e5 3.e4 d6 4.f4 exf4 5.Bxf4 Ne7 6.Nf3 Ng6 7.Bg3 Qb6 8.Nbd2 Qxb2
9.Rb1 Qf6 10.Bb5+ Bd7 11.O-O Qd8 12.Bxd7+ Nxd7 13.e5 dxe5 14.Nc4 f6 15.Rxb7
Nb6 16.Nxb6 axb6 17.Qd3 Ra5 18.Nxe5 Nxe5 19.Bxe5 c4 20.Qe2 Bc5+ 21.Bd4+ Kf8
22.Bxc5+ Rxc5 23.Qe6 Rc7 24.Rxc7 Qxc7 25.d6 Qf7 26.Qc8+ Qe8 27.d7 {#r} 1-0

[Event "It (open)"]
[Site "masterchessopen.com - Pardubice (Czech Republic)"]
[Date "2012.07.22"]
[Round "3"]
[White "Miljakin Vasily (RUS)"]
[Black "Balin Jan (CZE)"]
[Result "1-0"]
[WhiteElo "2222"]
[BlackElo "2340"]

1.d4 c5 2.d5 e5 3.c4 d6 4.e4 Be7 5.Nf3 Bg4 6.Nbd2 Nd7 7.h3 Bxf3 8.Nxf3 h6 9.h4
Ngf6 10.Qe2 a6 11.g3 b5 12.Nd2 Qa5 13.cxb5 c4 14.Qxc4 O-O 15.b4 Qb6 16.Nb3
Rfc8 17.Qe2 Qc7 18.bxa6 Qc3+ 19.Bd2 Qb2 20.Bh3 Rc2 21.O-O Bd8 22.Qd3 Rac8
23.Rfc1 Bb6 {#r} 1-0

[Event "It (open)"]
[Site "masterchessopen.com - Klaipeda (Lithuania)"]
[Date "2012.07.26"]
[Round "4"]
[White "Buivydas Skirmantas (LTU)"]
[Black "Januseviciute Donata (LTU)"]
[Result "1-0"]
[WhiteElo "1780"]
[BlackElo "1793"]

1.d4 c5 2.d5 e5 3.c4 d6 4.Nc3 f5 5.g3 Nf6 6.Bg2 Be7 7.e3 O-O 8.Nge2 Na6 9.O-O
Rb8 10.f3 Bd7 11.e4 fxe4 12.f4 exf4 13.Nxf4 Nc7 14.Nxe4 Nxe4 15.Bxe4 Qe8
16.Qd3 h6 17.Bh7+ {#r} 1-0

[Event "It (open)"]
[Site "masterchessopen.com - Maringa (Brazil)"]
[Date "2012.08.11"]
[Round "6"]
[White "Name Gabriel (BRA)"]
[Black "Deste Dayan Kuhn"]
[Result "1-0"]
[WhiteElo "2160"]
[BlackElo "1945"]

1.d4 c5 2.d5 e5 3.c4 d6 4.Nc3 f5 5.e4 Nf6 6.f3 Be7 7.exf5 Bxf5 8.Bd3 Bxd3
9.Qxd3 O-O 10.Nge2 a6 11.Ng3 Nbd7 12.O-O Qe8 13.Nf5 Nh5 14.Re1 g6 15.Nxe7+
Qxe7 16.g3 Nhf6 17.Bg5 Qf7 18.Bh6 Rfe8 19.a3 b6 20.Rab1 e4 21.fxe4 Ne5 22.Qe2
Nfg4 23.Rf1 Qe7 24.Bd2 Qg7 25.Kg2 Rf8 26.Rf4 Rxf4 27.gxf4 Qh6 28.h3 {#r} 1-0

[Event "Ch Germany (juniors) (Internet) (under 18) (qual1)"]
[Site "masterchessopen.com - Internet"]
[Date "2012.09.01"]
[Round "2"]
[White "Hartewig Anja"]
[Black "Koop Thorben"]
[Result "0-1"]
[WhiteElo "1473"]
[BlackElo "1826"]

1.d4 c5 2.d5 e5 3.c4 d6 4.Nc3 f5 5.f3 f4 6.e3 g5 7.Nge2 Nf6 8.exf4 gxf4 9.Ne4
Nxe4 10.fxe4 Bg4 11.h3 Bh5 12.g4 Bg6 13.Qa4+ Nd7 14.Bg2 Qh4+ 15.Kf1 Bh6 16.Bd2
f3 17.Bxh6 fxg2+ 18.Kxg2 Bxe4+ 19.Kh2 Qf2# 0-1

[Event "Memorial Kesarovski - Stanchev (open)"]
[Site "masterchessopen.com - Sunny Beach (Bulgaria)"]
[Date "2012.09.06"]
[Round "6"]
[White "Malinovsky Petr (CZE)"]
[Black "Arnaudov Petar (BUL)"]
[Result "0-1"]
[WhiteElo "1986"]
[BlackElo "2180"]

1.d4 c5 2.d5 e5 3.e4 d6 4.f4 exf4 5.Bxf4 Qf6 6.Qc1 Qg6 7.Nc3 Nd7 8.Nf3 Be7
9.Qd2 a6 10.O-O-O f6 11.Nh4 Qf7 12.Nf5 Ne5 13.Be2 g6 14.Nxe7 {#R} 0-1